[Event "WJCC U20 Girls 2019"]
[Site "New Delhi"]
[Date "2019.10.16"]
[Round "2.40"]
[White "Mirza, Diana"]
[Black "Shivika Rohilla"]
[Result "1/2-1/2"]
[WhiteElo "1986"]
[BlackElo "1721"]
[Annotator "NA RC"]
[PlyCount "117"]
[EventDate "2019.10.15"]
[EventType "swiss"]
[EventCountry "IND"]
[SourceTitle "playchess.com"]
[Source "ChessBase"]
[SourceQuality "1"]
[TimeControl "40/5400+30:1800+30"]

1. e4 {[%emt 0:00:00]} e5 {[%emt 0:00:00]} 2. Nf3 {[%emt 0:00:00]} Nc6 {[%emt 0:00:00]} 3. Nc3 {[%emt 0:00:00]} Nf6 {[%emt 0:00:00]} 4. g3 {[%emt 0:00:00]} Be7 {[%emt 0:15:45]} 5. Bg2 {[%emt 0:00:10]} O-O {[%emt 0:00:22]} 6. O-O {[%emt 0:01:05]} d6 {[%emt 0:01:10]} 7. d3 {[%emt 0:06:54]} Be6 {[%emt 0:19:57] C47: Scotch Four Knights and Four Knights with 4 g3} 8. h3 {[%emt 0:02:14]} h6 {[%emt 0:03:36]} 9. d4 {[%emt 0:04:52]} exd4 {[%emt 0:02:49]} 10. Nxd4 {[%emt 0:00:07]} Nxd4 {[%emt 0:00:28]} 11. Qxd4 {[%emt 0:00:02]} Qc8 {[%emt 0:10:10]} (11... Nd7 12. Nd5 Bxd5 13. Qxd5 c6 14. Qd1 f5 15. exf5 Rxf5 {1-0 (60) Schwabeneder,F (2455)-Kriebel,T (2517) Germany 2018}) 12. Kh2 {[%emt 0:00:27]} Nd7 $146 {[%emt 0:01:19]} ({Predecessor:} 12... c6) 13. Nd5 {[%emt 0:06:05]} Bxd5 {[%emt 0:00:20]} 14. exd5 {[%emt 0:01:39]} Bf6 {[%emt 0:00:19]} 15. Qg4 {[%emt 0:07:16]} Ne5 {[%emt 0:00:59]} 16. Qh5 {[%emt 0:00:44]} Nc4 {[%emt 0:05:01]} 17. Rb1 {[%emt 0:00:31]} Re8 {[%emt 0:00:59]} 18. b3 {[%emt 0:02:37]} Nb6 {[%emt 0:02:32]} 19. c4 {[%emt 0:12:56]} Re5 {[%emt 0:01:20]} 20. Qf3 {[%emt 0:00:53]} Nd7 {[%emt 0:07:53]} 21. Be3 {[%emt 0:06:16]} Re7 {[%emt 0:01:34]} 22. Rfc1 {[%emt 0:05:21]} b6 {[%emt 0:03:51]} 23. b4 {[%emt 0:02:01]} Rb8 {[%emt 0:00:28]} 24. Qg4 {[%emt 0:09:31]} Ne5 {[%emt 0:03:43]} 25. Qxc8+ {[%emt 0:00:37]} Rxc8 {[%emt 0:00:08]} 26. c5 {[%emt 0:00:20]} dxc5 {[%emt 0:00:38]} 27. bxc5 {[%emt 0:00:26]} Nd3 {[%emt 0:00:34]} 28. Rc4 {[%emt 0:03:44]} Nxc5 {[%emt 0:00:32]} 29. Bxc5 {[%emt 0:02:53]} bxc5 {[%emt 0:00:02]} 30. Rxc5 {[%emt 0:00:09]} Bd4 {[%emt 0:00:58]} 31. Rc2 {[%emt 0:01:10]} Rce8 {[%emt 0:01:55]} 32. Bf1 {[%emt 0:07:10]} Re1 {[%emt 0:02:40]} 33. Rxe1 {[%emt 0:00:29]} Rxe1 {[%emt 0:00:02]} 34. Bd3 {[%emt 0:00:17]} Bb6 {[%emt 0:00:46]} 35. d6 {[%emt 0:01:22]} Re8 {[%emt 0:05:54]} 36. Bb5 {[%emt 0:02:12]} Rd8 {[%emt 0:00:52]} 37. d7 {[%emt 0:01:26]} g6 {[%emt 0:00:44]} 38. Bc6 {[%emt 0:00:18]} Bd4 {[%emt 0:04:09]} 39. Rc4 {[%emt 0:01:11]} Bf6 {[%emt 0:00:28]} 40. Ra4 {[%emt 0:00:21]} Kf8 {[%emt 0:01:43]} 41. Rxa7 {[%emt 0:30:57]} Be5 {[%emt 0:32:29]} 42. f4 {[%emt 0:04:57]} Bd6 {[%emt 0:00:00]} 43. a4 {[%emt 0:00:00]} Ke7 $18 {[%emt 0:00:00]} 44. a5 {[%emt 0:00:00]} Bb4 {[%emt 0:00:00]} 45. Ra6 {[%emt 0:00:00]} Bc5 {[%emt 0:00:00]} 46. Kg2 {[%emt 0:00:00]} h5 {[%emt 0:00:00]} 47. Kf3 {[%emt 0:00:00]} Rb8 {[%emt 0:00:00]} 48. Ba4 {[%emt 0:00:00]} Bg1 {[%emt 0:00:00]} 49. g4 {[%emt 0:00:00]} hxg4+ {[%emt 0:00:00]} 50. Kxg4 {[%emt 0:00:00]} Be3 {[%emt 0:00:26]} 51. Kf3 {[%emt 0:00:45]} Bxf4 {[%emt 0:04:37]} 52. Bc6 {[%emt 0:06:00]} Bd6 {[%emt 0:00:06]} 53. Ra7 {[%emt 0:01:17]} Bc5 {[%emt 0:00:03]} 54. Rxc7 {[%emt 0:00:52]} Kd8 {[%emt 0:00:01]} 55. Rb7 {[%emt 0:05:14]} Rxb7 {[%emt 0:00:02]} 56. Bxb7 {[%emt 0:00:01]} Kxd7 {[%emt 0:00:02]} 57. Kf4 {[%emt 0:00:13]} f6 {[%emt 0:00:56]} 58. h4 {[%emt 0:00:24]} g5+ {[%emt 0:00:12]} 59. Ke4 1/2-1/2

[Event "WJCC U20 Girls 2019"]
[Site "New Delhi"]
[Date "2019.10.16"]
[Round "2.41"]
[White "Du Plessis, Anika"]
[Black "Vlkova, Anezka"]
[Result "0-1"]
[WhiteElo "1594"]
[BlackElo "1972"]
[Annotator "NA"]
[PlyCount "88"]
[EventDate "2019.10.15"]
[EventType "swiss"]
[EventCountry "IND"]
[SourceTitle "playchess.com"]
[Source "ChessBase"]
[SourceQuality "1"]
[TimeControl "40/5400+30:1800+30"]

1. e4 {[%emt 0:00:00]} e6 {[%emt 0:00:00]} 2. d4 {[%emt 0:00:00]} d5 {[%emt 0:00:00]} 3. Nd2 {[%emt 0:00:42]} Nf6 {[%emt 0:00:00]} 4. exd5 {[%emt 0:01:17]} exd5 {[%emt 0:00:06]} 5. Bd3 {[%emt 0:01:28]} c5 {[%emt 0:06:48]} 6. Ngf3 {[%emt 0:05:49]} c4 {[%emt 0:01:14]} 7. Be2 {[%emt 0:00:05]} Nc6 {[%emt 0:00:22]} 8. O-O {[%emt 0:00:21]} Bd6 {[%emt 0:00:43]} 9. Re1 {[%emt 0:01:25]} O-O {[%emt 0:00:27]} 10. Nf1 {[%emt 0:00:12]} h6 {[%emt 0:06:27]} 11. Bd2 {[%emt 0:03:25]} Bf5 {[%emt 0:06:16]} 12. Qc1 {[%emt 0:04:19]} b5 {[%emt 0:04:01]} 13. Ng3 {[%emt 0:07:43]} Bh7 {[%emt 0:01:40]} 14. a3 {[%emt 0:00:26]} Re8 {[%emt 0:03:20]} 15. c3 {[%emt 0:04:20]} Qc7 {[%emt 0:07:05]} 16. Bxh6 {[%emt 0:09:18]} Bxg3 {[%emt 0:05:46]} 17. hxg3 {[%emt 0:03:24]} gxh6 {[%emt 0:00:26]} 18. Qxh6 {[%emt 0:00:14]} Ne4 {[%emt 0:19:53]} 19. Ng5 {[%emt 0:08:22]} Bg6 {[%emt 0:04:59]} 20. Bh5 {[%emt 0:04:34]} Qd6 {[%emt 0:12:00]} 21. Nxe4 {[%emt 0:17:12]} dxe4 {[%emt 0:01:18]} 22. Re3 {[%emt 0:00:37]} Re6 {[%emt 0:01:57]} 23. Qg5 {[%emt 0:03:57]} a6 {[%emt 0:00:29]} 24. Bg4 {[%emt 0:02:01]} Ree8 {[%emt 0:01:43]} 25. Rae1 {[%emt 0:01:41]} Qd8 {[%emt 0:02:42]} 26. Qh6 {[%emt 0:02:48]} Ne7 {[%emt 0:00:57]} 27. f3 {[%emt 0:02:40]} Nd5 {[%emt 0:02:55]} 28. R3e2 {[%emt 0:00:44]} e3 {[%emt 0:02:51]} 29. f4 {[%emt 0:01:38]} Bd3 {[%emt 0:00:35]} 30. Bf3 {[%emt 0:02:50]} Bxe2 {[%emt 0:01:07]} 31. Rxe2 {[%emt 0:00:03]} Ra7 {[%emt 0:04:20]} 32. f5 {[%emt 0:02:13]} Qf6 {[%emt 0:00:26]} 33. Qh3 {[%emt 0:01:05]} Rd7 {[%emt 0:00:36]} 34. Qg4+ {[%emt 0:00:59]} Qg7 {[%emt 0:00:21]} 35. Qh3 {[%emt 0:00:07]} Rd6 {[%emt 0:00:32]} 36. Bxd5 {[%emt 0:01:40]} Rxd5 {[%emt 0:00:09]} 37. g4 {[%emt 0:00:21]} Qg5 {[%emt 0:00:38]} 38. Qf3 {[%emt 0:00:06]} Rd6 {[%emt 0:00:15]} 39. g3 {[%emt 0:02:25]} a5 {[%emt 0:00:18]} 40. Kg2 {[%emt 0:00:43]} b4 {[%emt 0:00:31]} 41. axb4 {[%emt 0:30:37]} axb4 {[%emt 0:30:08]} 42. Qf4 {[%emt 0:03:30]} Qxf4 {[%emt 0:00:00]} 43. gxf4 {[%emt 0:00:00]} bxc3 {[%emt 0:00:00]} 44. bxc3 {[%emt 0:00:00]} Rb6 {[%emt 0:00:00]} 0-1

[Event "WJCC U20 Girls 2019"]
[Site "New Delhi"]
[Date "2019.10.16"]
[Round "2.42"]
[White "Reid, Caitlin"]
[Black "Pandey Srishti"]
[Result "0-1"]
[WhiteElo "1489"]
[BlackElo "1963"]
[Annotator "NA"]
[PlyCount "52"]
[EventDate "2019.10.15"]
[EventType "swiss"]
[EventCountry "IND"]
[SourceTitle "playchess.com"]
[Source "ChessBase"]
[SourceQuality "1"]
[TimeControl "40/5400+30:1800+30"]

1. e4 {[%emt 0:00:00]} c5 {[%emt 0:00:00]} 2. Nf3 {[%emt 0:00:04]} Nc6 {[%emt 0:00:00]} 3. c3 {[%emt 0:00:46]} d5 {[%emt 0:00:00]} 4. e5 {[%emt 0:00:58]} Bg4 {[%emt 0:00:00]} 5. d4 {[%emt 0:01:14]} e6 {[%emt 0:00:00]} 6. Be3 {[%emt 0:01:30]} cxd4 {[%emt 0:00:04]} 7. cxd4 {[%emt 0:00:38]} Bb4+ {[%emt 0:01:08]} 8. Nc3 {[%emt 0:01:04]} Qa5 {[%emt 0:00:58]} 9. Qb3 {[%emt 0:00:29]} Nge7 {[%emt 0:01:05]} 10. a3 {[%emt 0:00:42]} Nf5 {[%emt 0:03:52]} 11. Rd1 {[%emt 0:05:09]} Bxc3+ {[%emt 0:00:09]} 12. bxc3 {[%emt 0:00:20]} O-O {[%emt 0:04:31]} 13. Be2 {[%emt 0:00:44]} Rac8 {[%emt 0:07:14]} 14. O-O {[%emt 0:00:48]} Nxe3 {[%emt 0:00:22]} 15. fxe3 {[%emt 0:00:23]} Ne7 {[%emt 0:00:22]} 16. c4 {[%emt 0:08:41]} dxc4 {[%emt 0:02:13]} 17. Bxc4 {[%emt 0:03:37]} Nd5 {[%emt 0:14:44]} 18. Rde1 {[%emt 0:05:37]} Bxf3 {[%emt 0:04:29]} 19. gxf3 {[%emt 0:02:59]} Rc6 {[%emt 0:07:16]} 20. Re2 {[%emt 0:37:15]} Rfc8 {[%emt 0:13:54]} 21. Bxd5 {[%emt 0:03:22]} exd5 {[%emt 0:00:52]} 22. Qxb7 {[%emt 0:03:53]} Qxa3 {[%emt 0:00:29]} 23. f4 {[%emt 0:00:59]} Qd3 {[%emt 0:01:11]} 24. Ref2 {[%emt 0:06:13]} Rg6+ {[%emt 0:02:38]} 25. Kh1 {[%emt 0:01:36]} Qe4+ {[%emt 0:00:15]} 26. Rf3 {[%emt 0:00:10]} Qxf3+ {[%emt 0:00:21]} 0-1

[Event "WJCC U20 Girls 2019"]
[Site "New Delhi"]
[Date "2019.10.16"]
[Round "2.43"]
[White "Meghna, C H"]
[Black "Lohani, Sujana"]
[Result "1-0"]
[WhiteElo "1956"]
[BlackElo "1671"]
[Annotator "NA"]
[PlyCount "60"]
[EventDate "2019.10.15"]
[EventType "swiss"]
[EventCountry "IND"]
[SourceTitle "playchess.com"]
[Source "ChessBase"]
[SourceQuality "1"]
[TimeControl "40/5400+30:1800+30"]

1. e4 {[%emt 0:00:00]} g6 {[%emt 0:00:07]} 2. d4 {[%emt 0:00:00]} Bg7 {[%emt 0:00:07]} 3. Nc3 {[%emt 0:00:06]} d6 {[%emt 0:00:16]} 4. Be3 {[%emt 0:00:14]} a6 {[%emt 0:00:28]} 5. Qd2 {[%emt 0:03:06]} b5 {[%emt 0:01:00]} 6. f3 {[%emt 0:02:17]} Nd7 {[%emt 0:01:31]} 7. O-O-O $14 {[%emt 0:07:32]} c5 {[%emt 0:10:10]} 8. dxc5 {[%emt 0:08:15]} b4 {[%emt 0:08:39]} 9. Nd5 {[%emt 0:09:50]} dxc5 {[%emt 0:22:25]} 10. Bxc5 {[%emt 0:02:08]} Qa5 {[%emt 0:02:56]} 11. Qxb4 {[%emt 0:09:27]} Qxa2 {[%emt 0:06:37]} 12. Bc4 {[%emt 0:32:17]} Qxb2+ {[%emt 0:14:01]} 13. Qxb2 {[%emt 0:00:07]} Bxb2+ {[%emt 0:00:19]} 14. Kxb2 {[%emt 0:00:02]} Rb8+ {[%emt 0:00:36]} 15. Kc1 {[%emt 0:01:18]} Nxc5 {[%emt 0:01:05]} 16. Nc7+ {[%emt 0:00:14]} Kf8 {[%emt 0:01:12]} 17. Rd8+ {[%emt 0:00:38]} Kg7 {[%emt 0:09:16]} 18. e5 {[%emt 0:13:26]} Nb7 {[%emt 0:10:10]} 19. Re8 {[%emt 0:02:46]} Nc5 {[%emt 0:03:26]} 20. Ne2 {[%emt 0:01:37]} e6 {[%emt 0:02:25]} 21. Rd1 {[%emt 0:00:59]} Nd7 {[%emt 0:02:41]} 22. Rxd7 {[%emt 0:02:00]} Bxd7 {[%emt 0:00:44]} 23. Rxb8 {[%emt 0:00:02]} a5 {[%emt 0:00:40]} 24. Rb7 {[%emt 0:00:34]} Bc6 {[%emt 0:00:31]} 25. Nxe6+ {[%emt 0:00:35]} Kh6 {[%emt 0:00:31]} 26. Rxf7 {[%emt 0:00:19]} Be8 {[%emt 0:00:34]} 27. Rf8 {[%emt 0:00:22]} Bd7 {[%emt 0:00:21]} 28. Nc5 {[%emt 0:00:16]} Bc6 {[%emt 0:00:41]} 29. Rxg8 {[%emt 0:01:02]} Rxg8 {[%emt 0:00:25]} 30. Bxg8 {[%emt 0:00:04]} Be8 {[%emt 0:00:00]} 1-0

[Event "WJCC U20 Girls 2019"]
[Site "New Delhi"]
[Date "2019.10.16"]
[Round "2.44"]
[White "Srimathi R"]
[Black "Rousseau, Christilla"]
[Result "1-0"]
[WhiteElo "1914"]
[BlackElo "1648"]
[Annotator "NA"]
[PlyCount "95"]
[EventDate "2019.10.15"]
[EventType "swiss"]
[EventCountry "IND"]
[SourceTitle "playchess.com"]
[Source "ChessBase"]
[SourceQuality "1"]
[TimeControl "40/5400+30:1800+30"]

1. e4 {[%emt 0:00:00]} c6 2. d4 {[%emt 0:00:01]} d5 {[%emt 0:00:00]} 3. Nc3 {[%emt 0:00:06]} dxe4 {[%emt 0:00:00]} 4. Nxe4 {[%emt 0:00:08]} Bf5 {[%emt 0:00:13]} 5. Ng3 {[%emt 0:00:09]} Bg6 {[%emt 0:00:26]} 6. h4 {[%emt 0:00:08]} h6 {[%emt 0:00:22]} 7. Nf3 {[%emt 0:00:08]} Nd7 {[%emt 0:00:21]} 8. h5 {[%emt 0:00:20]} Bh7 {[%emt 0:00:13]} 9. Bd3 {[%emt 0:00:17]} Bxd3 {[%emt 0:00:31]} 10. Qxd3 {[%emt 0:00:12]} e6 {[%emt 0:00:51]} 11. Bd2 {[%emt 0:00:49]} Ngf6 {[%emt 0:01:22]} 12. O-O-O {[%emt 0:03:44]} Be7 {[%emt 0:01:06]} 13. Ne4 {[%emt 0:01:12]} Nxe4 {[%emt 0:01:25]} 14. Qxe4 {[%emt 0:00:07]} Nf6 {[%emt 0:00:45]} 15. Qe2 {[%emt 0:00:16]} Qd5 {[%emt 0:02:49]} 16. c4 {[%emt 0:00:28]} Qe4 {[%emt 0:03:47]} 17. Qxe4 {[%emt 0:05:30]} Nxe4 {[%emt 0:00:11]} 18. Be3 {[%emt 0:00:12]} Rd8 {[%emt 0:10:32]} 19. g4 {[%emt 0:11:44]} f5 {[%emt 0:13:49]} 20. gxf5 {[%emt 0:09:18]} exf5 {[%emt 0:00:10]} 21. Ne5 {[%emt 0:00:39]} f4 {[%emt 0:07:11]} 22. Bxf4 {[%emt 0:01:42]} Nxf2 {[%emt 0:05:52]} 23. Ng6 {[%emt 0:00:16]} Nxd1 {[%emt 0:14:33]} 24. Re1 {[%emt 0:04:38]} Rd7 {[%emt 0:05:21]} 25. Nxh8 {[%emt 0:00:57]} Nf2 {[%emt 0:01:06]} 26. Kc2 {[%emt 0:03:36]} Kd8 {[%emt 0:06:35]} 27. Nf7+ {[%emt 0:07:59]} Ke8 {[%emt 0:04:32]} 28. Nd6+ {[%emt 0:01:14]} Kf8 {[%emt 0:02:13]} 29. Nf5 {[%emt 0:09:29]} Bf6 {[%emt 0:02:51]} 30. Re2 {[%emt 0:01:37]} Nh3 {[%emt 0:01:22]} 31. Be5 {[%emt 0:00:46]} Kf7 {[%emt 0:05:09]} 32. Nd6+ {[%emt 0:09:36]} Kf8 {[%emt 0:06:13]} 33. Bxf6 {[%emt 0:04:03]} gxf6 {[%emt 0:00:04]} 34. Re8+ {[%emt 0:00:17]} Kg7 {[%emt 0:00:07]} 35. Nf5+ {[%emt 0:00:13]} Kf7 {[%emt 0:02:15]} 36. Re4 {[%emt 0:02:15]} Ng5 {[%emt 0:00:36]} 37. Nxh6+ {[%emt 0:00:18]} Kg7 {[%emt 0:01:18]} 38. Nf5+ {[%emt 0:00:06]} Kh7 {[%emt 0:00:45]} 39. Re3 {[%emt 0:02:07]} Rf7 {[%emt 0:01:36]} 40. d5 {[%emt 0:01:42]} cxd5 {[%emt 0:00:23]} 41. cxd5 {[%emt 0:30:04]} Rd7 {[%emt 0:05:20]} 42. d6 {[%emt 0:00:00]} Rd8 {[%emt 0:05:51]} 43. Re7+ {[%emt 0:00:00]} Kg8 {[%emt 0:00:15]} 44. d7 {[%emt 0:00:00]} Kf8 {[%emt 0:01:06]} 45. h6 {[%emt 0:00:00]} Nf7 {[%emt 0:01:16]} 46. h7 {[%emt 0:00:00]} Nh8 {[%emt 0:02:59]} 47. Rg7 {[%emt 0:00:00]} b6 {[%emt 0:01:49]} 48. Rg8+ {[%emt 0:00:00]} 1-0

[Event "WJCC U20 Girls 2019"]
[Site "New Delhi"]
[Date "2019.10.16"]
[Round "2.45"]
[White "Yaakub, Nov Genevia Pslam"]
[Black "Onur, Cigdem"]
[Result "0-1"]
[WhiteElo "1316"]
[BlackElo "1913"]
[Annotator "NA"]
[PlyCount "100"]
[EventDate "2019.10.15"]
[EventType "swiss"]
[EventCountry "IND"]
[SourceTitle "playchess.com"]
[Source "ChessBase"]
[SourceQuality "1"]
[TimeControl "40/5400+30:1800+30"]

1. e4 {[%emt 0:00:00]} c5 {[%emt 0:00:00]} 2. Nf3 {[%emt 0:00:00]} e6 {[%emt 0:00:00]} 3. d4 {[%emt 0:00:15]} cxd4 {[%emt 0:00:00]} 4. Nxd4 {[%emt 0:00:14]} a6 {[%emt 0:00:00]} 5. Nc3 {[%emt 0:00:35]} Qc7 {[%emt 0:00:07]} 6. Be3 {[%emt 0:01:29]} Nf6 {[%emt 0:00:42]} 7. Bd3 {[%emt 0:02:30]} Be7 {[%emt 0:01:42]} 8. O-O {[%emt 0:01:00]} d6 {[%emt 0:03:32]} 9. Qf3 {[%emt 0:05:18]} Nbd7 {[%emt 0:22:51]} 10. Qg3 {[%emt 0:11:17]} O-O {[%emt 0:29:11]} 11. Bh6 {[%emt 0:11:09]} Ne8 {[%emt 0:02:30]} 12. Rae1 {[%emt 0:17:18]} Ne5 {[%emt 0:15:51]} 13. Be3 {[%emt 0:07:21]} Qd8 {[%emt 0:08:06]} 14. Nf3 {[%emt 0:03:18]} Nxd3 {[%emt 0:06:03]} 15. cxd3 {[%emt 0:00:03]} e5 {[%emt 0:05:35]} 16. d4 {[%emt 0:02:41]} Nf6 {[%emt 0:01:00]} 17. dxe5 {[%emt 0:04:37]} Nh5 {[%emt 0:00:32]} 18. exd6 {[%emt 0:03:00]} Bf6 {[%emt 0:00:40]} 19. Nd5 {[%emt 0:03:30]} Nxg3 {[%emt 0:00:10]} 20. Nxf6+ {[%emt 0:00:17]} Qxf6 {[%emt 0:00:15]} 21. e5 {[%emt 0:00:17]} Qe6 {[%emt 0:00:50]} 22. hxg3 {[%emt 0:00:12]} Qxa2 {[%emt 0:00:30]} 23. Bd4 {[%emt 0:01:25]} Bg4 {[%emt 0:00:30]} 24. Nd2 {[%emt 0:00:53]} Qd5 {[%emt 0:00:31]} 25. Bc3 {[%emt 0:00:28]} Rac8 {[%emt 0:00:37]} 26. Ne4 {[%emt 0:02:18]} Qb5 {[%emt 0:00:35]} 27. f3 {[%emt 0:02:16]} Bf5 {[%emt 0:00:07]} 28. g4 {[%emt 0:03:04]} Bxe4 {[%emt 0:00:28]} 29. Rxe4 {[%emt 0:00:03]} Rc4 {[%emt 0:00:30]} 30. Ree1 {[%emt 0:01:18]} Qc5+ {[%emt 0:00:29]} 31. Kh1 {[%emt 0:00:17]} b5 {[%emt 0:00:23]} 32. b4 {[%emt 0:02:16]} Qc6 {[%emt 0:00:47]} 33. Bd2 {[%emt 0:00:46]} Qd5 {[%emt 0:00:34]} 34. Be3 {[%emt 0:02:42]} Qxe5 {[%emt 0:00:42]} 35. Bc5 {[%emt 0:00:46]} Rxc5 {[%emt 0:00:33]} 36. Rxe5 {[%emt 0:00:23]} Rxe5 {[%emt 0:00:03]} 37. Ra1 {[%emt 0:00:32]} Ra8 {[%emt 0:00:39]} 38. Rc1 {[%emt 0:00:14]} Rd5 {[%emt 0:00:29]} 39. Rc6 {[%emt 0:00:23]} Rd8 {[%emt 0:00:30]} 40. Rxa6 {[%emt 0:00:17]} R5xd6 {[%emt 0:00:03]} 41. Ra5 {[%emt 0:30:22]} Rb8 {[%emt 0:30:04]} 42. Ra1 {[%emt 0:00:41]} Rd4 {[%emt 0:00:13]} 43. Rb1 {[%emt 0:00:17]} Rc8 {[%emt 0:00:38]} 44. Kh2 {[%emt 0:00:27]} g6 {[%emt 0:00:06]} 45. Kg3 {[%emt 0:01:02]} Rcc4 {[%emt 0:00:03]} 46. Re1 {[%emt 0:00:35]} Rxb4 {[%emt 0:00:07]} 47. Re8+ {[%emt 0:00:20]} Kg7 {[%emt 0:00:01]} 48. Re5 {[%emt 0:00:15]} Rb1 {[%emt 0:00:10]} 49. Re2 {[%emt 0:00:25]} b4 {[%emt 0:00:05]} 50. Kf2 {[%emt 0:00:37]} Rd6 0-1

[Event "WJCC U20 Girls 2019"]
[Site "New Delhi"]
[Date "2019.10.16"]
[Round "2.46"]
[White "Mungunzul, Bat-Erdene"]
[Black "Abdala Cancino, Patricia Anastas"]
[Result "1-0"]
[WhiteElo "1912"]
[BlackElo "1608"]
[Annotator "NA"]
[PlyCount "89"]
[EventDate "2019.10.15"]
[EventType "swiss"]
[EventCountry "IND"]
[SourceTitle "playchess.com"]
[Source "ChessBase"]
[SourceQuality "1"]
[TimeControl "40/5400+30:1800+30"]

1. d4 {[%emt 0:00:00]} d5 {[%emt 0:00:00]} 2. c4 {[%emt 0:00:00]} e6 {[%emt 0:00:04]} 3. Nc3 {[%emt 0:00:00]} c5 {[%emt 0:00:23]} 4. Nf3 {[%emt 0:01:46]} Nc6 {[%emt 0:00:08]} 5. e3 {[%emt 0:00:26]} Nf6 {[%emt 0:00:33]} 6. Be2 {[%emt 0:01:38]} Be7 {[%emt 0:00:12]} 7. O-O {[%emt 0:00:13]} O-O {[%emt 0:00:10]} 8. dxc5 {[%emt 0:00:55]} Bxc5 {[%emt 0:00:38]} 9. a3 {[%emt 0:01:10]} Bb6 {[%emt 0:01:01]} 10. b4 {[%emt 0:03:03]} dxc4 {[%emt 0:05:18]} 11. Qxd8 {[%emt 0:04:23]} Rxd8 {[%emt 0:00:16]} 12. Bxc4 {[%emt 0:00:11]} Bc7 {[%emt 0:00:28]} 13. Nb5 {[%emt 0:02:00]} Bb8 {[%emt 0:00:23]} 14. Bb2 {[%emt 0:01:05]} a6 {[%emt 0:00:16]} 15. Nbd4 {[%emt 0:01:05]} Nxd4 {[%emt 0:01:44]} 16. Bxd4 {[%emt 0:00:12]} b5 {[%emt 0:00:28]} 17. Be2 {[%emt 0:02:20]} Ba7 {[%emt 0:02:06]} 18. a4 {[%emt 0:07:52]} Bxd4 {[%emt 0:01:05]} 19. Nxd4 {[%emt 0:00:12]} bxa4 {[%emt 0:00:38]} 20. Bf3 {[%emt 0:06:28]} Nd5 {[%emt 0:01:53]} 21. Rxa4 {[%emt 0:00:16]} Bb7 {[%emt 0:00:41]} 22. Rfa1 {[%emt 0:05:59]} Rab8 {[%emt 0:01:45]} 23. h3 {[%emt 0:02:39]} Rd6 {[%emt 0:02:15]} 24. Rc1 {[%emt 0:14:04]} Rb6 {[%emt 0:01:53]} 25. Rc4 {[%emt 0:01:30]} g6 {[%emt 0:02:55]} 26. Kh2 {[%emt 0:01:46]} Kg7 {[%emt 0:01:20]} 27. Kg3 {[%emt 0:05:34]} Rd6 {[%emt 0:03:21]} 28. Ra5 {[%emt 0:05:26]} Nb6 {[%emt 0:03:16]} 29. Rc7 {[%emt 0:04:29]} Bxf3 {[%emt 0:08:58]} 30. Nxf3 {[%emt 0:00:53]} Nd5 {[%emt 0:00:20]} 31. Ra7 {[%emt 0:00:09]} Nxb4 {[%emt 0:02:02]} 32. Ng5 {[%emt 0:00:52]} Rf8 {[%emt 0:00:34]} 33. Rc5 {[%emt 0:01:00]} h6 {[%emt 0:00:49]} 34. Nf3 {[%emt 0:03:05]} Nd3 {[%emt 0:09:59]} 35. Rcc7 {[%emt 0:00:36]} Kf6 {[%emt 0:02:56]} 36. Nd2 {[%emt 0:00:37]} Nxf2 {[%emt 0:02:49]} 37. Nc4 {[%emt 0:00:13]} Nh1+ {[%emt 0:00:40]} 38. Kh2 {[%emt 0:00:08]} Rd1 {[%emt 0:00:16]} 39. Nb6 {[%emt 0:00:09]} Rfd8 {[%emt 0:04:59]} 40. Rxf7+ {[%emt 0:00:33]} Kg5 {[%emt 0:00:07]} 41. Rxa6 {[%emt 0:35:09]} h5 {[%emt 0:30:25]} 42. Ra4 {[%emt 0:02:35]} Rc1 {[%emt 0:03:30]} 43. h4+ {[%emt 0:01:20]} Kh6 {[%emt 0:00:27]} 44. Raa7 {[%emt 0:00:05]} g5 {[%emt 0:00:47]} 45. Rf6# {[%emt 0:00:09]} 1-0

[Event "WJCC U20 Girls 2019"]
[Site "New Delhi"]
[Date "2019.10.16"]
[Round "2.47"]
[White "Ananya, Suresh"]
[Black "Djuric, Anja"]
[Result "1-0"]
[WhiteElo "1896"]
[BlackElo "1493"]
[Annotator "NA"]
[PlyCount "109"]
[EventDate "2019.10.15"]
[EventType "swiss"]
[EventCountry "IND"]
[SourceTitle "playchess.com"]
[Source "ChessBase"]
[SourceQuality "1"]
[TimeControl "40/5400+30:1800+30"]

1. e4 {[%emt 0:00:00]} c6 {[%emt 0:00:00]} 2. d4 {[%emt 0:00:00]} d5 {[%emt 0:00:00]} 3. Nd2 {[%emt 0:00:11]} dxe4 {[%emt 0:00:02]} 4. Nxe4 {[%emt 0:00:16]} Bf5 {[%emt 0:00:21]} 5. Ng3 {[%emt 0:00:09]} Bg6 {[%emt 0:00:15]} 6. h3 {[%emt 0:00:24]} h5 {[%emt 0:00:41]} 7. Nf3 {[%emt 0:01:47]} e6 {[%emt 0:01:38]} 8. Bd3 {[%emt 0:01:22]} Bxd3 {[%emt 0:01:28]} 9. Qxd3 {[%emt 0:02:13]} Nf6 {[%emt 0:04:00]} 10. Bd2 {[%emt 0:00:26]} Nbd7 {[%emt 0:01:00]} 11. O-O-O {[%emt 0:01:08]} Qc7 {[%emt 0:00:32]} 12. Ne4 {[%emt 0:00:59]} O-O-O {[%emt 0:01:31]} 13. Neg5 {[%emt 0:02:59]} Nc5 {[%emt 0:13:58]} 14. Qe2 {[%emt 0:00:37]} Na4 {[%emt 0:00:28]} 15. Qc4 {[%emt 0:03:50]} b5 {[%emt 0:02:29]} 16. Qb3 {[%emt 0:00:35]} Bd6 {[%emt 0:02:30]} 17. g3 {[%emt 0:00:46]} Ng4 {[%emt 0:05:29]} 18. Rhf1 {[%emt 0:00:24]} Rhf8 {[%emt 0:11:41]} 19. c4 {[%emt 0:01:03]} e5 {[%emt 0:00:42]} 20. c5 {[%emt 0:00:30]} Be7 {[%emt 0:00:28]} 21. Nxf7 {[%emt 0:00:30]} Rd5 {[%emt 0:01:35]} 22. N7xe5 {[%emt 0:08:23]} Nxe5 {[%emt 0:01:49]} 23. Nxe5 {[%emt 0:00:04]} Nxc5 {[%emt 0:02:16]} 24. Qe3 {[%emt 0:00:34]} Ne6 {[%emt 0:02:45]} 25. Ng6 {[%emt 0:07:48]} Rf6 {[%emt 0:00:34]} 26. Nxe7+ {[%emt 0:02:13]} Qxe7 {[%emt 0:00:13]} 27. Qe4 {[%emt 0:00:18]} Qd7 {[%emt 0:01:35]} 28. Be3 {[%emt 0:03:31]} Rf8 {[%emt 0:05:16]} 29. Rd2 {[%emt 0:00:49]} Re8 {[%emt 0:00:42]} 30. Qc2 {[%emt 0:00:45]} Kb7 {[%emt 0:01:04]} 31. Rfd1 {[%emt 0:00:21]} Rd8 {[%emt 0:01:43]} 32. Kb1 {[%emt 0:02:25]} a6 {[%emt 0:01:19]} 33. Qc3 {[%emt 0:01:01]} Rc8 {[%emt 0:01:49]} 34. Rd3 {[%emt 0:02:14]} Kb6 {[%emt 0:02:35]} 35. f3 {[%emt 0:02:53]} Kb7 {[%emt 0:00:51]} 36. Bf2 {[%emt 0:06:23]} Qf7 {[%emt 0:02:28]} 37. Qe1 {[%emt 0:00:54]} Qf5 {[%emt 0:08:05]} 38. Qe4 {[%emt 0:01:21]} Rcd8 {[%emt 0:02:31]} 39. Re1 {[%emt 0:02:34]} Nc7 {[%emt 0:02:34]} 40. Qxf5 {[%emt 0:01:06]} Rxf5 {[%emt 0:00:07]} 41. Re7 {[%emt 0:30:16]} g6 {[%emt 0:30:31]} 42. Rg7 {[%emt 0:01:31]} Rf6 {[%emt 0:00:53]} 43. Be1 {[%emt 0:01:46]} Kc8 {[%emt 0:00:58]} 44. Ba5 {[%emt 0:00:51]} Rd7 {[%emt 0:00:25]} 45. Rxd7 {[%emt 0:00:17]} Kxd7 {[%emt 0:00:08]} 46. Bxc7 {[%emt 0:00:04]} Kxc7 {[%emt 0:00:09]} 47. Kc2 {[%emt 0:00:18]} Kd6 48. Re3 {[%emt 0:00:29]} Kd5 {[%emt 0:01:59]} 49. Kd3 {[%emt 0:00:11]} a5 {[%emt 0:00:36]} 50. Re5+ {[%emt 0:00:10]} Kd6 {[%emt 0:00:20]} 51. Ke4 {[%emt 0:00:07]} Rf8 {[%emt 0:00:35]} 52. f4 {[%emt 0:00:15]} Rg8 {[%emt 0:01:14]} 53. Kf3 {[%emt 0:00:58]} a4 {[%emt 0:00:26]} 54. f5 {[%emt 0:00:25]} g5 {[%emt 0:02:23]} 55. f6 {[%emt 0:00:06]} 1-0